Is organic conversion the path to profit? (Record no. 61770)

MARC details
000 -LEADER
fixed length control field 00952cam a2200241 4500
001 - CONTROL NUMBER
control field ABS61621
008 - FIXED-LENGTH DATA ELEMENTS--GENERAL INFORMATION
fixed length control field 000000n1999 000 0 eng u
035 ## - SYSTEM CONTROL NUMBER
System control number (Sirsi) u102795
100 ## - MAIN ENTRY--PERSONAL NAME
Personal name Appleby, M.
245 ## - TITLE STATEMENT
Title Is organic conversion the path to profit?
260 ## - PUBLICATION, DISTRIBUTION, ETC.
Date of publication, distribution, etc. 1999
490 ## - SERIES STATEMENT
Series statement Rural Property Bulletin
Volume/sequential designation September/October 1999, 23-26(4)
520 ## - SUMMARY, ETC.
Summary, etc. Reviews research undertaken by the Centre for Rural Studies on behalf of the RICS, looking at the viability and profitability of organic farming. Concludes that profitability depends to a large extent on the size and structure of the farm involved, and that organic farming does not represent an escape from current problems in farming.
590 ## - LOCAL NOTE (RLIN)
Local note ABS
650 ## - SUBJECT ADDED ENTRY--TOPICAL TERM
Topical term or geographic name entry element ORGANIC FARMING
650 ## - SUBJECT ADDED ENTRY--TOPICAL TERM
Topical term or geographic name entry element AGRICULTURE
650 ## - SUBJECT ADDED ENTRY--TOPICAL TERM
Topical term or geographic name entry element EXTENSIFICATION
650 ## - SUBJECT ADDED ENTRY--TOPICAL TERM
Topical term or geographic name entry element PROFITABILITY
650 ## - SUBJECT ADDED ENTRY--TOPICAL TERM
Topical term or geographic name entry element RESEARCH
650 ## - SUBJECT ADDED ENTRY--TOPICAL TERM
Topical term or geographic name entry element CENTRE FOR RURAL STUDIES
690 ## - LOCAL SUBJECT ADDED ENTRY--TOPICAL TERM (OCLC, RLIN)
Topical term or geographic name as entry element RURAL PRACTICE
942 ## - ADDED ENTRY ELEMENTS (KOHA)
Suppress in OPAC 0
Holdings
Withdrawn status Lost status Source of classification or shelving scheme Damaged status Not for loan Home library Current library Shelving location Date acquired Total Checkouts Full call number Barcode Date last seen Copy number Price effective from Koha item type
    Dewey Decimal Classification     London London Journal article 24/11/1999   ABS61621 102795-1001 06/08/2019 1 06/08/2019 Journal article